000 01025nam a22002297a 4500
999 _c63709
_d63709
005 20240530110655.0
008 171218s2016 ua ak g b 000 0 ara d
017 _a2015/25904
_bمصر. دار الكتب
020 _a9777800389
040 _aEG-CaGPL
_cEG-CaGPL
082 0 4 _221
_a352.34 /
_bأ ح
100 0 _aاحمد اسماعيل حجى
245 1 2 _aالحكومة الالكترونية المتكاملة والمدن الذكية وحوكمتها فى مواجهة حروب الجيل الرابع وما بعده :
_bاصول نظرية تكنولوجية وتطبيقات ادارية وتعليمية عالمية /
_cاحمد اسماعيل حجى
250 _aط.1
260 _aالقاهرة :
_bعالم الكتب ،
_c2016.
300 _a310 ص. :
_bايض ؛
_c24 سم.
504 _aيشتمل على ارجاعات ببليوجرافية
650 0 7 _2qrmak
_aالحكومات الالكترونية
651 _2qrmak
942 _2ddc
_cBK